000 00389nam a2200145Ia 4500
005 20251222175933.0
008 251222s9999||||xx |||||||||||||| ||spa||
020 _a9972229114
082 _a346.6/C33
100 _aCastro Rey, Jorge A.
245 0 _aManual de Contratos Civiles, Comerciales y Empresariales
250 _a1ra.ed.
264 _bJurista Editores E. I. R. L.
942 _cLIB
999 _c41102
_d41102